| 000 | 00580nam a22001697a 4500 | ||
|---|---|---|---|
| 005 | 20260226144015.0 | ||
| 010 | _aBACEN26 | ||
| 020 |
_a9789356817494 _c275.00 |
||
| 037 | _bGP publications (P) Ltd | ||
| 082 | _a000 | ||
| 100 |
_aKumar, Purushottam _987487 |
||
| 245 |
_aGeneral knowledge/ _cPurushottam kumar |
||
| 260 |
_aHaryana _bG.K Publication (P) Ltd _c2025 |
||
| 270 |
_aPlot No. 63, Sector-27A, Near sector -28 Metro Station, Faridabad _bHaryana _e121003 _mgkp@gkpublications.com |
||
| 300 |
_a338 Pages _c22cm (Pbk) |
||
| 942 |
_2ddc _cEN _h000 _mKUM |
||
| 999 |
_c214972 _d214972 |
||